L'art et l'essai / (Record no. 1295)
[ view plain ]
| 000 -LEADER | |
|---|---|
| campo de control de longitud fija | 00683nam a22002057a 4500 |
| 008 - DATOS DE LONGITUD FIJA--INFORMACIÓN GENERAL | |
| campo de control de longitud fija | 170930s1998 fr||||| |||| 00| 0 fra d |
| 020 ## - NÚMERO INTERNACIONAL ESTÁNDAR DEL LIBRO | |
| Número Internacional Estándar del Libro | 2858509735 |
| 082 04 - NÚMERO DE LA CLASIFICACIÓN DECIMAL DEWEY | |
| Número de clasificación | 777 |
| Número de ítem | B844a |
| 100 1# - ENTRADA PRINCIPAL--NOMBRE DE PERSONA | |
| Nombre de persona | Breteau Skira, Gisèle. |
| 9 (RLIN) | 5995 |
| 245 13 - MENCIÓN DEL TÍTULO | |
| Título | L'art et l'essai / |
| Mención de responsabilidad, etc. | Gisèle Breteau Skira y Anne Coutinot. |
| 250 ## - MENCION DE EDICION | |
| Mención de edición | 1a edición. |
| 260 ## - PUBLICACIÓN, DISTRIBUCIÓN, ETC. | |
| Lugar de publicación, distribución, etc. | París, Francia : |
| Nombre del editor, distribuidor, etc. | Centre National d'Art et de Culture ; Biennale Internationale du Film sur l' Art, |
| Fecha de publicación, distribución, etc. | 1998. |
| 300 ## - DESCRIPCIÓN FÍSICA | |
| Extensión | 44 páginas : |
| Otras características físicas | ilustraciones. |
| 653 10 - TÉRMINO DE INDIZACIÓN--NO CONTROLADO | |
| Término no controlado | Arte contemporáneo |
| 653 10 - TÉRMINO DE INDIZACIÓN--NO CONTROLADO | |
| Término no controlado | Cinematografía |
| 653 10 - TÉRMINO DE INDIZACIÓN--NO CONTROLADO | |
| Término no controlado | Cine - Francia |
| 653 10 - TÉRMINO DE INDIZACIÓN--NO CONTROLADO | |
| Término no controlado | Cineastas |
| 653 10 - TÉRMINO DE INDIZACIÓN--NO CONTROLADO | |
| Término no controlado | Eventos artísticos |
| 700 1# - ENTRADA AGREGADA--NOMBRE PERSONAL | |
| Nombre de persona | Coutinot, Anne. |
| 9 (RLIN) | 5996 |
| Estatus retirado | Estado de pérdida | Fuente del sistema de clasificación o colocación | Estado de daño | No para préstamo | Biblioteca de origen | Biblioteca actual | Ubicación en estantería | Fecha de adquisición | Total de préstamos | Signatura topográfica completa | Código de barras | Visto por última vez | Precio de reemplazo | Tipo de ítem Koha |
|---|---|---|---|---|---|---|---|---|---|---|---|---|---|---|
| Clasificación Decimal Dewey | Biblioteca LadoV | Biblioteca LadoV | 30/09/2017 | 777 B844a | 003924 | 30/09/2017 | 30/09/2017 | Material 01 |
